=LDR 00000nam 2200000 4500 =001 INLIS000000000035906 =005 20130612141727 =008 ***********************************ind** =035 ##$$0010-061300000035906 =041 ##$$a ind =082 ##$$a 217 =090 ##$$a 217, Pan B =100 ##$$a Prawirayuda, panji =245 ##$$a Babad Majapahit dan para wali 1, Oleh R. Panji Prawirayuda =850 ##$$a NBPNMAT